Landkreise und kreisfreie Städte Deutschlands mit "A" - Statistiken

Allgemein
  • Dieses Quiz wurde 894 mal gespielt
  • Das Durchschnittsergebnis liegt bei 14 aus 19
Antwortstatistiken
Bundesland Kreis % Korrekt
Bayern Augsburg
94%
Bayern Augsburg
94%
Bayern Amberg
88%
Bayern Amberg-Sulzbach
88%
Bayern Ansbach
88%
Bayern Ansbach
88%
Bayern Aschaffenburg
87%
Bayern Aschaffenburg
87%
Niedersachsen Aurich
78%
Rheinland-Pfalz Ahrweiler
76%
Thüringen Altenburger Land
73%
Bayern Aichach-Friedberg
72%
Niedersachsen Ammerland
71%
Bayern Altötting
70%
Rheinland-Pfalz Altenkirchen (Westerwald)
68%
Rheinland-Pfalz Alzey-Worms
62%
Baden-Württemberg Alb-Donau-Kreis
61%
Sachsen-Anhalt Altmarkkreis Salzwedel
55%
Sachsen-Anhalt Anhalt-Bitterfeld
48%
Keine übereinstimmenden Quizze gefunden
Verteilung der Resultate
Anzahl Personen mit jedem Resultat
Perzentil nach korrekt beantworteten Fragen
Ihre Resultats-Entwicklung
Sie haben dieses Quiz noch nicht gespielt